000 00671nam a2200241Ia 4500
003 OSt
005 20220925221945.0
006 a|||||r|||| 00| 0
007 ta
008 220923b |||||||| |||| 00| 0 eng d
037 _cGeneral Book
040 _aRTL
_cRTL
_beng
041 _2eng
_aeng
082 _aY:6.657.N6, K6
100 _aBrokensha David
_9247373
245 0 _aSocial change at Larteh, Ghana
260 _aLondon
_bOxford University Press
_c1966
300 _axx,294p
_ccm.
500 _aBibliography: p 276-281
650 _aSocial Change
942 _hY:6.657.N6, K6
_cGB
_2CC
999 _c575739
_d575739